000
00321nas a2200145 a 4500
001
71848
003
145953
005
20201118110952.0
008
||||||n9999 ||| || ||
245
0
_a
Sintesis Economica - No.258
260
_c
1981.
562
_e
0
773
_0
16191
_a
Sintesis Economica
942
_c
SISS
999
_c
71848
_d
71848